000
00246nam a22001097a 4500
082
_a
621.381 KUL'E
100
_a
KULLER, K. KARL
_9
37542
245
_a
ELECTRONICS DRAFTING
260
_a
NEWYORK
_b
MCGRAW HILL
_c
1962
300
_a
286P
942
_c
BK
999
_c
567579
_d
567579